La teoría de la argumentación en sus textos : (Registro nro. 63207)

Detalles MARC
000 -LEADER
campo de control de longitud fija 02945cam a2200385 i 4500
003 - IDENTIFICADOR DE NÚMERO DE CONTROL
campo de control PE-LiUPU
005 - FECHA Y HORA DE LA ÚLTIMA TRANSACCIÓN
campo de control 20251230073535.0
008 - DATOS DE LONGITUD FIJA--INFORMACIÓN GENERAL
campo de control de longitud fija 2201 s2022 pe a rb 000 0 spa d
020 ## - NÚMERO INTERNACIONAL ESTÁNDAR DEL LIBRO
Número Internacional Estándar del Libro 9786123252373
035 ## - NÚMERO DE CONTROL DEL SISTEMA
Número de control de sistema PE-LiUPU00044
040 ## - FUENTE DE CATALOGACIÓN
Centro catalogador/agencia de origen PE-LiUPU
Lengua de catalogación spa
Centro/agencia transcriptor PE-LiUPU
Normas de descripción rda
082 04 - NÚMERO DE LA CLASIFICACIÓN DECIMAL DEWEY
Número de clasificación 341.4
Cutter T314
Número de edición 23
090 ## - LOCALMENTE ASIGNADO TIPO-LC NÚMERO DE CLASIFICACIÓN (OCLC); NÚMERO DE CLASIFICACIÓN LOCAL (RLIN)
Número de clasificación (OCLC) (R) ; Numero de clasificación, CALL (RLIN) (NR) 341.4
Número cutter local (OCLC) ; Número de libro/Signatura topográfica íntegra, CALL (RLIN) V37t
245 13 - MENCIÓN DEL TÍTULO
Título La teoría de la argumentación en sus textos :
Resto del título una antología /
Mención de responsabilidad, etc. editado por Luis Vega Reñón.
250 ## - MENCION DE EDICION
Mención de edición Primera edición.
264 #1 - PRODUCCIÓN, PUBLICACIÓN, DISTRIBUCIÓN, FABRICACIÓN Y COPYRIGHT
Producción, publicación, distribución, fabricación y copyright Lima :
Nombre del de productor, editor, distribuidor, fabricante Palestra Editores,
Fecha de producción, publicación, distribución, fabricación o copyright 2022.
264 #3 - PRODUCCIÓN, PUBLICACIÓN, DISTRIBUCIÓN, FABRICACIÓN Y COPYRIGHT
Producción, publicación, distribución, fabricación y copyright Impreso en el Perú.
300 ## - DESCRIPCIÓN FÍSICA
Extensión 460 páginas ;
Dimensiones 20.5 cm
336 ## - TIPO DE CONTENIDO
Término de tipo de contenido text
Fuente rdacontent
337 ## - TIPO DE MEDIO
Nombre/término del tipo de medio unmediated
Fuente rdamedia
338 ## - TIPO DE SOPORTE
Nombre/término del tipo de soporte volume
Fuente rdacarrier
490 0# - MENCIÓN DE SERIE
Mención de serie Derecho & argumentación ;
Designación de volumen o secuencia 19
500 ## - NOTA GENERAL
Nota general Antología de textos fundamentales para el estudio de la teoría de la argumentación.
504 ## - NOTA DE BIBLIOGRAFÍA, ETC.
Nota de bibliografía, etc. Incluye referencias bibliográficas.
505 ## - NOTA DE CONTENIDO CON FORMATO
Nota de contenido con formato Pensar por sistemas, y pensar por ideas para tener en cuenta -- Pensar por sistemas, y pensar por ideas para tener en cuenta -- Falacias -- Los argumentadores como amantes -- Los conceptos de argumento y argumentar -- Tres perspectivas de la argumentación: retórica, dialéctica, lógica -- Las esferas personal, técnica y pública de la argumentación: una investigación especulativa en el arte de la deliberación pública -- Solo los hechos, señora: Lógica informal, género y pedagogía -- La argumentación es una guerra... y la guerra es un infierno: Filosofía, educación y metáforas para la argumentación -- Hacia una teoría de la argumentación visual -- Lógica informal: Una panorámica -- El desarrollo del enfoque pragma-dialéctico de la argumentación -- Por qué hacerlo bien si se trata de argumentar -- Los estudios de la argumentación en la estela de la nueva retórica -- La lógica de los desacuerdos profundos -- La argumentación en cuanto práctica -- La teoría argumentativa: predicciones y resultados empíricos.
520 ## - RESUMEN, ETC.
Sumario, etc. Obra que reúne textos clásicos y contemporáneos que han contribuido a la conformación y desarrollo de la teoría de la argumentación como campo de estudio. La antología permite revisar los fundamentos conceptuales, metodológicos y críticos del análisis argumentativo, ofreciendo un panorama sistemático de los debates que han marcado la consolidación académica de la argumentación en el ámbito jurídico y filosófico, así como su proyección en la cultura argumentativa de habla hispana.
650 #4 - PUNTO DE ACCESO ADICIONAL DE MATERIA--TÉRMINO DE MATERIA
Término de materia o nombre geográfico como elemento de entrada Argumentación jurídica.
650 #4 - PUNTO DE ACCESO ADICIONAL DE MATERIA--TÉRMINO DE MATERIA
Término de materia o nombre geográfico como elemento de entrada Interpretación y aplicación del derecho.
650 #4 - PUNTO DE ACCESO ADICIONAL DE MATERIA--TÉRMINO DE MATERIA
Término de materia o nombre geográfico como elemento de entrada Lógica jurídica.
700 1# - ENTRADA AGREGADA--NOMBRE PERSONAL
Nombre de persona Vega Reñón, Luis,
Término indicativo de función/relación editor.
856 40 - LOCALIZACIÓN Y ACCESO ELECTRÓNICOS
Identificador Uniforme de Recursos <a href="https://palestraeditores.com">https://palestraeditores.com</a>
Nota pública Sitio web de la editorial.
942 ## - ELEMENTOS DE ENTRADA SECUNDARIOS (KOHA)
Fuente del sistema de clasificación o colocación Clasificación Decimal Dewey
Tipo de ítem Koha Libros físicos
980 ## - EQUIVALENCIA O REFERENCIA-CRUZADA-MENCIÓN DE SERIE--NOMBRE DE PERSONA/TÍTULO [LOCAL, CANADÁ]
ID del usuario creador del registro 18228
Nombre del creador del registro Rebeca Esther Huerta Leyton
ID del último usuario que modificó el registro 18226
Nombre del último usuario que modificó el registro Jaime Vilcazán Jefe de Análisis Documental
Existencias
Visto por última vez Total de préstamos Signatura topográfica completa Código de barras Copia número Coste, precio de reemplazo Fecha de reemplazo Facultad Tipo de ítem Koha Estado de pérdida Fuente del sistema de clasificación o colocación Restricciones de uso No para préstamo Colección Programa académico Biblioteca de origen Biblioteca actual Ubicación en estantería Fecha de adquisición Fuente de adquisición Coste, precio normal de compra Fecha del último préstamo
2026-01-06   341.4 T314 82953 e1 33.22 2025-12-22 FACIHED Libros físicos No Perdido Clasificación Decimal Dewey No restringido Disponible para préstamos Colección General Derecho presencial Biblioteca CRAI UPeU Lima Biblioteca CRAI UPeU Lima Sala principal 2025-12-19 Palestra Editores S.A.C 28.22  
2026-03-26 1 341.4 T314 82954 e2 33.22 2025-12-22 FACIHED Libros físicos No Perdido Clasificación Decimal Dewey No restringido Disponible para préstamos Colección General Derecho presencial Biblioteca CRAI UPeU Lima Biblioteca CRAI UPeU Lima Sala principal 2025-12-19 Palestra Editores S.A.C 28.22 2026-03-20